| 000 | 00468nam a2200157 a 4500 | ||
|---|---|---|---|
| 001 | 1012 | ||
| 003 | CDMR | ||
| 005 | 20130522131352.0 | ||
| 008 | 130130s1999||||||||||||||||||||||||||||d | ||
| 040 |
_aCDMR _bcat _cCDMR |
||
| 100 | 1 |
_aCosta, Matías _9757 |
|
| 245 | 1 | 3 |
_aEl país de los niños perdidos _cCOSTA, Matías _b: Ruanda, cinco años después del genocidio |
| 260 |
_aMadrid _c1999 _bAyuntamiento de Madrid |
||
| 650 | 0 | 4 |
_93195 _aDrets humans _zRuanda |
| 942 |
_cMON _2udc |
||
| 999 |
_c1012 _d1012 |
||